TEXT BOOK OF MEDICINAL CHEMISTRY (Record no. 17362)
[ view plain ]
| 000 -LEADER | |
|---|---|
| fixed length control field | 00348nam a22001577a 4500 |
| 003 - CONTROL NUMBER IDENTIFIER | |
| control field | SGT |
| 020 ## - INTERNATIONAL STANDARD BOOK NUMBER | |
| International Standard Book Number | 978-93-85915-50-5 |
| 082 ## - DEWEY DECIMAL CLASSIFICATION NUMBER | |
| Classification number | 615.19 |
| Item number | M19A |
| 100 ## - MAIN ENTRY--PERSONAL NAME | |
| Personal name | ALAGARASAMY,V. |
| 245 ## - TITLE STATEMENT | |
| Title | TEXT BOOK OF MEDICINAL CHEMISTRY |
| 250 ## - EDITION STATEMENT | |
| Edition statement | 3RD |
| 260 ## - PUBLICATION, DISTRIBUTION, ETC. (IMPRINT) | |
| Place of publication, distribution, etc | NEW DELHI |
| Name of publisher, distributor, etc | CBS PUB |
| Year of Publication | 2019 |
| 300 ## - PAGE DESCRIPTION | |
| No. of Pages | 568 |
| 650 ## - SUBJECT ADDED ENTRY--TOPICAL TERM | |
| Topical term or geographic name as entry element | PHARMACY |
| 942 ## - ADDED ENTRY ELEMENTS (KOHA) | |
| Source of classification or shelving scheme | Dewey Decimal Classification |
| Koha item type | Books |
| 942 ## - ADDED ENTRY ELEMENTS (KOHA) | |
| -- | 41 |
| Withdrawn status | Lost status | Source of classification or shelving scheme | Damaged status | Not for loan | Collection code | Home library | Current library | Shelving location | Date acquired | Vendor Name | Cost, normal purchase price | SGTU | Bill Number | Total Checkouts | Full call number | Accession No. (Barcode) | Date last seen | Date last borrowed | Bill Date | Koha item type | Total Renewals |
|---|---|---|---|---|---|---|---|---|---|---|---|---|---|---|---|---|---|---|---|---|---|
| Dewey Decimal Classification | PHARMACY | SGT FA-FP Library | SGT FA-FP Library | Text Book | 05/04/2019 | AHUJA PUB | 525.00 | SGTU | 10918 | 5 | 615.19 M19A | FP3346 | 24/03/2025 | 24/03/2025 | 03/04/2019 | Books | |||||
| Dewey Decimal Classification | PHARMACY | SGT FA-FP Library | SGT FA-FP Library | Text Book | 05/04/2019 | AHUJA PUB | 525.00 | SGTU | 10918 | 17 | 615.19 M19A | FP3347 | 02/09/2025 | 02/09/2025 | 03/04/2019 | Books | 1 | ||||
| Dewey Decimal Classification | PHARMACY | SGT FA-FP Library | SGT FA-FP Library | Text Book | 05/04/2019 | AHUJA PUB | 525.00 | SGTU | 10918 | 15 | 615.19 M19A | FP3348 | 21/02/2025 | 13/02/2025 | 03/04/2019 | Books | 1 | ||||
| Dewey Decimal Classification | PHARMACY | SGT FA-FP Library | SGT FA-FP Library | Text Book | 05/04/2019 | AHUJA PUB | 525.00 | SGTU | 10918 | 11 | 615.19 M19A | FP3349 | 27/12/2024 | 23/12/2024 | 03/04/2019 | Books | |||||
| Dewey Decimal Classification | PHARMACY | SGT FA-FP Library | SGT FA-FP Library | Text Book | 05/04/2019 | AHUJA PUB | 525.00 | SGTU | 10918 | 13 | 615.19 M19A | FP3350 | 06/02/2023 | 03/02/2023 | 03/04/2019 | Books |